000 01220nam a2200361 a 4500
001 000110440
003 CHAP
005 20220329144133.0
008 140828s2006 mx a |r| |||0|||spa d
010 _a106902
011 _a107874
020 _a9707530502
040 _cCHAP
082 0 4 _a970.004687236
_bF63
100 1 _aFlores López, José Manuel
_9128011
245 1 0 _aChontales de Tabasco /
_cpor José Manuel Flores López.
260 _aMéxico, D.F. :
_bComisión Nacional para el Desarrollo de los Pueblos Indígenas,
_c2006.
300 _a51 p. :
_bil.
490 0 _aPueblos Indígenas del México Contemporáneo
504 _aIncluye bibliografía
590 _aBATCH-UPD
_b05
_c20140828
_lUCH01
_h1204
590 _aE5652GLJ
_b05
_c20140828
_lUCH01
_h1203
650 1 4 _aChontales
_xEconomía.
_9128016
650 1 4 _aChontales
_xHistoria.
_9128017
650 1 4 _aChontales
_xOrganización social.
_9128014
650 1 4 _aChontales
_xReligión y mitología.
_9128015
650 1 4 _aChontales
_xVida social y costumbres.
_9128013
650 1 4 _aIndios de Tabasco
_xChontales.
_9128012
830 0 _aPueblos Indígenas del México Contemporáneo
_992892
901 _aBK
942 _cLIBRO
942 _n0
999 _c106902
_d106902